| 000 | 01036cam a2200325 i 4500 | ||
|---|---|---|---|
| 001 | 200462583 | ||
| 003 | TR-AnTOB | ||
| 005 | 20241118102902.0 | ||
| 007 | ta | ||
| 008 | 240523t20242024tu oh 000 0 tur d | ||
| 020 |
_a9786256619319 _q(paperback) |
||
| 040 |
_aTVK _beng _erda _cTVK _dTR-AnTOB |
||
| 041 | 0 | _atur | |
| 050 | 4 |
_aDR592.A8 _bA855 2024 |
|
| 090 |
_aDR592.A8 _bA855 2024 |
||
| 100 | 1 |
_aAşkin, Nüket, _d1969- _eauthor _9147151 |
|
| 245 | 1 | 0 |
_aSırlarıyla Atatürk'ün kız kardeşi : _bMakbule Hanım / _cNüket Aşkın ; editör: Zafer Köse. |
| 246 | 1 | 2 | _aMakbule Hanım. |
| 264 |
_aİstanbul : _bSiyah Beyaz Yayınları, _c2024. |
||
| 264 | 4 | _c©2024 | |
| 300 |
_a328 pages : _bphotographs, facsimiles ; _c20 cm |
||
| 336 |
_atext _btxt _2rdacontent |
||
| 337 |
_aunmediated _bn _2rdamedia |
||
| 338 |
_avolume _bnc _2rdacarrier |
||
| 504 | _aBIB | ||
| 600 | 1 | 0 |
_aAtatürk, Mustafa Kemal _d1881-1938 _xAile _920781 |
| 700 | 1 |
_aKöse, Zafer, _d1970- _eeditor _9147153 |
|
| 942 |
_2lcc _cBK |
||
| 999 |
_c200462583 _d80795 |
||